[Event "Brno Gargulak Memorial-A"]
[Site "Brno"]
[Date "2004.??.??"]
[Round "5"]
[White "Makovetskyi, Maksym"]
[Black "Breindl, Jaroslav"]
[Result "1/2-1/2"]
[WhiteElo "2050"]
[BlackElo "1825"]
[PlyCount "100"]
[EventDate "2004.??.??"]
[EventType "tourn"]
[EventRounds "11"]
[EventCountry "CZE"]
[SourceTitle "EXT 2007"]
[Source "ChessBase"]
[SourceDate "2006.11.23"]
[SourceVersion "1"]
[SourceVersionDate "2006.11.23"]
[SourceQuality "1"]

1. d4 Nf6 2. c4 g6 3. f3 Bg7 4. e4 d6 5. Nc3 0-0 6. Be3 Nc6 7. Qd2 a6 8. Nge2 Rb8 9. g4 e5 10. d5 Ne7 11. Ng3 Bd7 12. a4 Ne8 13. Bd3 c6 14. 0-0 Kh8 15. Kh1 c5 16. a5 Nc7 17. Na4 Bxa4 18. Rxa4 Qd7 19. Rfa1 Nc8 20. b4 b5 21. axb6 Nxb6 22. Ra5 cxb4 23. Rb1 b3 24. Rxb3 Na4 25. Qa2 Nc5 26. Bxc5 dxc5 27. Rxc5 Rfc8 28. Rc6 Bf8 29. Qb2 Rxb3 30. Qxb3 Qd8 31. Qb7 Kg7 32. c5 a5 33. d6 Qf6 34. Kg2 Ne6 35. Rxc8 Nf4+ 36. Kf1 Qh4 37. Rc7 Qxh2 38. Rxf7+ Kg8 39. Rxf8+ Kxf8 40. Qb8+ Kg7 41. Qc7+ Kh6 42. g5+ Kxg5 43. Qe7+ Kh6 44. Nf5+ gxf5 45. Qf6+ Kh5 46. Qxf5+ Kh6 47. Qf6+ Kh5 48. Qxe5+ Kh6 49. Qf6+ Kh5 50. Qf5+ Kh6 1/2-1/2